000 00477nam a2200181Ia 4500
005 20250326141407.0
008 250326s9999 xx 000 0 und d
037 _aTextbook
040 _aFMSL
_beng
_cFMSL
041 _aeng
_2eng
084 _qFMSL
100 _aKhan MY
245 0 _aFicial Management text and problems
_cKhan My; Jain Pk
260 _aNew Delhi
_bNew Delhi, Tata Mac Grow-Hill
_c1992
300 _a802p
942 _cTB
999 _c1290096
_d1290096